000 00689nam a2200277Ia 4500
001 9616
005 20240113234219.0
007 ta
008 120911s1974 ii g b000 u asm u
040 _aCotton College,Assam
041 _aasm
082 _a370.9541
_bD 494 As
100 _aDevi, Renu .
245 0 _aAsamar Siksha Babostha /
_cRenu Devi.
_hTextual Documents
250 _a1st ed. /
260 _aGuwahati :
_bBani Prakash ,
_c1974.
300 _a200p. ;
_c22cm.
653 _aEducation
653 _aEducation-Assam
653 _aG-Education
653 _aMS-Education
942 _2ddc
_cBK
999 _c9603
_d9603